| 000 | 00666nam a22001937a 4500 | ||
|---|---|---|---|
| 003 | OSt | ||
| 005 | 20251121132446.0 | ||
| 008 | 251112b |||||||| |||| 00| 0 eng d | ||
| 020 | _a971-685-715-3 | ||
| 040 |
_aDWCL-Main lib _cOC |
||
| 082 | _aFil.370.716 B595f 2010 | ||
| 100 | _aBilbao, Purita P. | ||
| 245 |
_aField study 6 : _bon becoming a teacher/ _cBilbao, Purita P. |
||
| 260 |
_aQuezon City, Phils. : _bLorimar Publishing, _cc2010. |
||
| 300 |
_axii, 53 pages : _billustrations ; _c28 cm. |
||
| 650 | _a1. Teacher--Training--Philippines--Handbooks, manuals, etc. | ||
| 650 | _a2. Practice teaching--Handbooks, manuals, etc. | ||
| 942 |
_2ddc _cBK - FIL _kFil. _n0 |
||
| 999 |
_c5657 _d5657 |
||